00598nam a22001817a 450000500170000001000150001702000270003203500140005903700130007308200170008610000180010324501240012126000410024527000450028630000210033150000500035270000140040220230410115617.0 aENG-120061 c1080.00a9788181815839 aEN-103593 bDBAD/PUB a379.12140954 aNaqvi,Munila  aFinancing of higher education :cBy Munila Naqvi [and] Nar SinghbA comparative study of public and private financing / aNew Delhi bRegal Publicationsc2015 aE-159,Rajouri GardenbNew Delhi e110027 a250p.c23cm(hbK) aIncludes bibliographical references and index aNar Singh